|
|
|
|
| LEADER |
00000nam a2200000 a 4500 |
| 001 |
vtls010093885 |
| 003 |
SK-MaSNL |
| 005 |
20260425235603.0 |
| 008 |
251124s2010 xo dl d 000 0 slo |
| 015 |
|
|
|a SNBA2010/06-03452
|
| 020 |
|
|
|a 9788089236862
|q (brož.)
|
| 035 |
|
|
|a B0CCAAD8-C75F-4346-B397-752C000434A5
|
| 035 |
|
|
|a urn:nbn:sk:snk-amjfwh
|
| 035 |
|
|
|a urn:nbn:sk:snk-am001rbx
|
| 040 |
|
|
|a SNK
|b slo
|c SNK
|e AACR2
|
| 041 |
0 |
|
|a slo
|b eng
|
| 043 |
|
|
|a e-xo---
|
| 044 |
|
|
|a xo
|c SK
|
| 072 |
|
7 |
|a 347
|x Súkromné právo
|2 konspekt
|
| 080 |
|
|
|a 347.232.2.1(=411.16)
|2 2001
|
| 080 |
|
|
|a 347.2(=411.16)
|2 2001
|
| 080 |
|
|
|a (437.6)
|2 2001
|
| 080 |
|
|
|a (093)
|2 2001
|
| 080 |
|
|
|a (082)
|2 2001
|
| 080 |
|
|
|a 332
|2 2001
|
| 080 |
|
|
|a (048.8)
|2 2001
|
| 245 |
0 |
0 |
|a Arizácie v regiónoch Slovenska
|c Eduard Nižňanský, Ján Hlavinka (eds.)
|
| 250 |
|
|
|a 1. vyd.
|
| 260 |
|
|
|a Bratislava
|b STIMUL
|c 2010
|
| 300 |
|
|
|a 231 s.
|b grafy, tab.
|c 24 cm
|
| 490 |
1 |
|
|a Acta historica Posoniensia
|v 12
|a Judaica et Holocaustica
|v 2
|
| 504 |
|
|
|a Pozn. Zoz. aut.
|
| 546 |
|
|
|a Res. angl.
|
| 648 |
|
7 |
|a 1939-1945
|2 SNKPH
|9 281648
|
| 650 |
0 |
7 |
|a arizácia
|2 SNKPH
|9 4606
|
| 650 |
0 |
7 |
|a židovský majetok
|2 SNKPH
|9 82350
|
| 650 |
0 |
7 |
|a regióny
|2 SNKPH
|9 2350
|
| 650 |
0 |
7 |
|a Aryianization
|2 SNKPHeng
|9 541909
|
| 651 |
|
7 |
|a Slovensko
|2 SNKPHgeo
|9 14231
|
| 651 |
|
7 |
|a Slovakia
|2 SNKPHeng
|9 92630
|
| 655 |
|
7 |
|a štúdie
|2 SNKPH
|9 57033
|
| 655 |
|
7 |
|a zborníky
|2 SNKPH
|9 70165
|
| 655 |
|
7 |
|a dokumenty
|2 SNKPH
|9 70482
|
| 655 |
|
7 |
|a Documents
|2 SNKPHeng
|9 277725
|
| 655 |
|
7 |
|a Studies
|2 SNKPHeng
|9 265573
|
| 700 |
1 |
|
|a Nižňanský, Eduard,
|d 1955-
|4 edt
|9 91352
|
| 700 |
1 |
|
|a Hlavinka, Ján
|4 edt
|9 419583
|
| 810 |
2 |
|
|a Univerzita Komenského v Bratislave.
|b Filozofická fakulta
|t Acta Historica Posoniensia
|9 159098
|
| 810 |
2 |
|
|a Univerzita Komenského v Bratislave.
|b Filozofická fakulta
|t Acta Historica Posoniensia
|p Judaica et Holocaustica
|9 165940
|
| 830 |
|
0 |
|a Acta historica Posoniensia
|a Judaica et Holocaustica
|9 541910
|
| 852 |
|
|
|a Štátna vedecká knižnica v Banskej Bystrici
|
| 919 |
|
|
|a 978-80-89236-86-2
|
| 958 |
|
|
|a OND
|
| 958 |
|
|
|a ZD
|
| 958 |
|
|
|a NM
|
| 968 |
|
|
|d 34
|
| 999 |
|
|
|c 833544
|d 835474
|
| 952 |
|
|
|a SNK
|b SNK
|y VYP
|7 0
|p 17A0658565
|o snkSC 140269 D1
|i snk2010/9974
|8 0
|0 0
|1 0
|4 0
|d 2010-05-11
|l 1
|r 2026-03-09 10:54:58
|s 2026-02-28
|w 2026-02-24
|
| 952 |
|
|
|a SNK
|b SNK
|y PREZ
|7 0
|p 17A0658564
|o snkSC 140269
|i snk2010/9973
|8 0
|0 0
|1 0
|4 0
|d 2010-05-11
|f 1
|l 0
|r 2025-07-08 00:00:00
|w 2026-02-24
|